000
00297nam a22001337a 4500
082
_a
823
_b
SUD/J
100
_a
SUDIP
245
_a
JACK AND BEANSTALK
246
_a
JACK AND BEANSTALK
_b
JACK AND BEANSTALK
260
_a
THRISSUR
_b
H& C
_c
2022
300
_a
48
650
_a
ENGLISH STORY
942
_c
BK
999
_c
9113
_d
9113